| 000 | 00922nac a22001931u 4500 | ||
|---|---|---|---|
| 020 | _a8121921953 | ||
| 082 |
_a624.17 _bR8881 |
||
| 090 |
_c966 _d966 |
||
| 100 | _aRoy, Sujit Kumar | ||
| 245 |
_aFundamentals of structural analysis with computer analysis & applications / _cSujit Kumar Roy, Subrata Chakrabarty |
||
| 260 |
_aNew Delhi : _bS Chand & Co., _c2003. |
||
| 300 |
_a980 p.: _bDiagram, _c24 cm. |
||
| 500 | _aIncludes index. | ||
| 650 | _aStructural analysis (Engineering) | ||
| 700 | _aChakrabarty, Subrata. | ||
| 942 |
_cBB _k624.17R8881 |
||
| 999 |
_c966 _d966 |
||